01679aam a2200265 i 4500001001000000003001000010005001700020007000300037008004100040020001800081040004800099041000800147082001800155100004400173245013100217264004400348264001200392300002700404336002700431337003300458338002800491520084700519563001401366650003301380768714001CO-MdFUSB20211029163332.0ta211029t2013 ck |||| |||| 00| 0 spa d a9789584237149 bspa.aCO-MdFUSBcCO-MdFUSBdCO-MdFUSBCerda aspa04a864bOS832231 aOspina, William, 1954- (Autor/a)eautor10aPa que se acabe la vaina :bla vieja Colombia murió el 9 de abril de 1948: la nueva no ha nacido todavíac/ William Ospina 1aBogotá, Colombia : bPlaneta,c[2013] 4c© 2013 a237 páginasc; 23 cm 2rdacontentatextobtdi 2rdamediaasin mediaciónbn 2rdacarrieravolumenbnc aCada colombiano tiene que decir su verdad. Y sólo cuando toda verdad pueda ser dicha, cuando dejemos de estar encerrados en la verdad ajena, aprenderemos otra vez a polemizar sin matarnos, y le habremos dado su sentido al grito musical de Emiliano Zuleta que recorre a Colombia hace setenta años y que le da su nombre a este libro. Algo está cambiando en Colombia. Después de siglos de repeticiones, donde una cultura, un pueblo y un territorio fueron persistentemente borrados y ninguneados por poderes arrogantes, una realidad enorme está emergiendo, un pueblo desconocido está descubriendo su propia existencia, un territorio está brotando a la luz. Tarde o temprano lo que era guerra aprenderá a ser diálogo, lo que era violencia aprenderá a ser exigencia y reclamo, lo que era silencio podrá convertirse en relato.  aRústico 7aLiteratura colombiana2embne